| 000 | 00765 a2200205 4500 | ||
|---|---|---|---|
| 001 | 27728 | ||
| 005 | 20260407155551.0 | ||
| 008 | 260407a1998 arg spa d | ||
| 003 | AR-UNSa-BCEJYS | ||
| 040 |
_aAR-UNSa-BCEJYS _bspa _cAR-UNSa-BCEJYS |
||
| 080 |
_a347.62 _xMatrimonio |
||
| 245 | 1 | 0 | _aVisión jurisprudencial de la sociedad conyugal |
| 020 | _a950-727-138-4 | ||
| 264 | 1 |
_aBuenos Aires : _bRubinzal-Culzoni Editores _c1998 |
|
| 300 |
_a347 p. _c22 cm. |
||
| 505 | _a1. La igualdad jurídica de los cónyuges en el régimen patrimonial matrimonial - 2. La asociación de los cónyuges en el régimen patrimonial matrimonial - 3. Cuestiones conexas | ||
| 942 | _cBK | ||
| 590 | _aniveau_biblio:m niveau_hierar:0 | ||
| 100 | 1 | _aMéndez Costa, María Josefa | |
| 999 |
_c1624 _d1624 |
||